<?xml version="1.0" encoding="UTF-8"?>
<marc:record xmlns:marc="http://www.loc.gov/MARC21/slim">
   <marc:leader>00000nam a2200000 a 4500</marc:leader>
   <marc:datafield ind1="1" ind2=" " tag="100">
      <marc:subfield code="a">Hoenisch, Nancy</marc:subfield>
      <marc:subfield code="4">ctb</marc:subfield>
      <marc:subfield code="e">Mitwirkende/-r</marc:subfield>
   </marc:datafield>
   <marc:datafield ind1="1" ind2=" " tag="100">
      <marc:subfield code="a">Niggemeyer, Elisabeth</marc:subfield>
      <marc:subfield code="4">ctb</marc:subfield>
      <marc:subfield code="e">Mitwirkende/-r</marc:subfield>
   </marc:datafield>
   <marc:datafield ind1=" " ind2=" " tag="653">
      <marc:subfield code="a">Mathematikunterricht</marc:subfield>
   </marc:datafield>
   <marc:datafield ind1=" " ind2=" " tag="653">
      <marc:subfield code="a">Vorschulerziehung</marc:subfield>
   </marc:datafield>
   <marc:datafield ind1=" " ind2=" " tag="653">
      <marc:subfield code="a">Lehrmittel</marc:subfield>
   </marc:datafield>
   <marc:datafield ind1="0" ind2="0" tag="245">
      <marc:subfield code="a">Mathe-Kings</marc:subfield>
   </marc:datafield>
   <marc:datafield ind1="0" ind2="0" tag="245">
      <marc:subfield code="b">junge Kinder fassen Mathematik an</marc:subfield>
   </marc:datafield>
   <marc:datafield ind1="0" ind2="0" tag="245">
      <marc:subfield code="c">Nancy Hoenisch ; Elisabeth Niggemeyer</marc:subfield>
   </marc:datafield>
   <marc:datafield ind1=" " ind2="1" tag="264">
      <marc:subfield code="a">Weimar</marc:subfield>
      <marc:subfield code="b">Verl. Das Netz</marc:subfield>
   </marc:datafield>
   <marc:datafield ind1=" " ind2=" " tag="250">
      <marc:subfield code="a">2., vollst. überarb. Aufl.</marc:subfield>
   </marc:datafield>
   <marc:datafield ind1="1" ind2=" " tag="520">
      <marc:subfield code="a">Angaben aus der Verlagsmeldung

Mathe-Kings : Junge Kinder fassen Mathematik an / von Nancy Hoenisch

Vierjährige Kinder entdecken die Welt mit allen Sinnen und sie erfinden Mathematik: beim Anfassen, Sich-Bewegen, beim Schmecken, Hören, Sehen und Gestalten. Sie konstruieren Zahlenkonzepte beim Umgang mit Hosentaschenschätzen, und entdecken Mathematik als eine Methode, wie sie selbst die Welt strukturieren und erforschen können. Das Buch ist in Wort und Bild ein fachdidaktischer Meisterkurs, ein wohlbegründetes und mit vielen Beispielen belegtes Plädoyer, Kindern Zeit, Material und Gelegenheit zu geben, ihre eigenen mathematischen Denkweisen zu entwickeln, bevor man sie mit abstrakten Zahlen konfrontiert. Die meisterhaften Fotos zu diesem Buch entstanden während eines Besuches der Fotografin und Ausstellungsmacherin Elisabeth Niggemeyer bei der Pädagogin Nancy Hoenisch in Virginia, USA. Nancy Hoenisch unterrichtet an der Douglas-Schule der Kleinstadt Winchester Vierjährige, die in ihrer Entwicklung bisher zu kurz gekommen sind.
</marc:subfield>
   </marc:datafield>
   <marc:datafield ind1=" " ind2=" " tag="020">
      <marc:subfield code="a">9783937785370</marc:subfield>
      <marc:subfield code="9">9783937785370</marc:subfield>
   </marc:datafield>
   <marc:datafield ind1=" " ind2=" " tag="041">
      <marc:subfield code="a">ger</marc:subfield>
   </marc:datafield>
   <marc:datafield ind1=" " ind2=" " tag="300">
      <marc:subfield code="a">152 S.</marc:subfield>
   </marc:datafield>
</marc:record>
